00804cam a2200229 a 450000100100000000500170001000800410002704000200006808200240008810000410011224500650015325000110021826000410022930000210027049000130029165000270030465000420033183000210037391000380039495201270043299900150055900000922220200929161525.0821217s1950 ag 000 f spa  aDO-SdBNPdBNPHU aA863.4bL333g, 19501 aLarreta, Enrique,d1875-1961.92391313aLa gloria de don Ramiro :buna vida en tiempos de Felipe II. a9a ed. aBuenos Aires :bEspasa-Galpe,c1950. a292 p. ;c18 cm.1 aAustrial 4aNovela argentina93941 4aLiteratura argentinaySIGLO XX914711 0aAustrial.923914 aCatalogación derivada noche/ LC 001052708MOaGRbGRcCTd2009-09-28iLF1l0oA863.4 L333g, 1950p9222-10r2020-06-25w2020-06-25y2ZPréstamo interno c8985d8985